Arte y cultura diaguita chilena: Simetría, simbolismo e identidad.
Sparad:
| Huvudupphovsman: | |
|---|---|
| Materialtyp: | Bok |
| Publicerad: |
Santiago, Chile:
Ucayali Editores,
2013.
|
| Serie: | Serie monográfica de la Sociedad Chilena de Arqueología,
|
| Ämnen: | |
| Taggar: |
Lägg till en tagg
Inga taggar, Lägg till första taggen!
|
MARC
| LEADER | 00000nam a22000007a 4500 | ||
|---|---|---|---|
| 003 | CL-VaPUC | ||
| 005 | 20250407202444.0 | ||
| 008 | 250312t2013 ||||| |||| 00| 0 eng d | ||
| 999 | |c 447298 |d 447296 | ||
| 020 | |a 978-956-9380-00-6 | ||
| 040 | |c Pontificia Universidad Católica de Valparaíso | ||
| 082 | |a 709.983 GON 2013 | ||
| 100 | |9 896742 |a González Carvajal, Paola |e autora | ||
| 245 | |a Arte y cultura diaguita chilena: |b Simetría, simbolismo e identidad. | ||
| 260 | |a Santiago, Chile: |b Ucayali Editores, |c 2013. | ||
| 300 | |a 349 páginas: |b ilustraciones, fotografía. | ||
| 490 | |a Serie monográfica de la Sociedad Chilena de Arqueología, |n 2. | ||
| 500 | |a c.1-c.2. Instituto Arcos.08-01-2025. | ||
| 583 | |c 20250312 |k Gabriela Rodríguez Cuevas | ||
| 650 | 0 | |9 676318 |a Cultura diaguita | |
| 650 | 0 | |9 676317 |a Arte diaguita |x Cerámicas |x Simbología | |
| 650 | 0 | |9 357564 |a Pueblos indígenas |x Antigüedades |z Chile | |
| 942 | |2 ddc |c BK |n 0 | ||
| 952 | |0 0 |1 0 |2 ddc |4 0 |6 709_983000000000000_GON_2013 |7 0 |8 A |9 601137 |a BIBINC |b BIBINC |d 2025-03-12 |e Instituto Arcos |i 5665958 |o 709.983 GON 2013 |p 5665958 |r 2025-03-12 |t 1 |w 2025-03-12 |y BK |k IFP | ||
| 952 | |0 0 |1 0 |2 ddc |4 0 |6 709_983000000000000_GON_2013 |7 0 |8 A |9 601138 |a BIBINC |b BIBINC |d 2025-03-12 |e Instituto Arcos |i 5665959 |o 709.983 GON 2013 |p 5665959 |r 2025-03-12 |t 2 |w 2025-03-12 |y BK |k IFP | ||